000 00457nam a2200157 4500
999 _c5855
_d5855
008 161122b xxu||||| |||| 00| 0 eng d
022 _a9770118389007
082 _aDPer 641.05 F73 Mar-Jul 2013
100 _917784
_aTan, Gerry H.
245 _aCheese:
_ba healty option?
_cGerry H. Tan.
260 _aQuezon City:
_bABS CBN Publishing, Inc.,
_c©2013.
300 _apage 18;
_c30 cm.
500 _aFood.
650 0 _917785
_aFood
942 _2ddc
_cPER